Historia de los papas : desde fines de la Edad Media : compuesta utilizandoe el Archivo Secreto Pontificio y otros muchos archivos/ por Ludovico Pastor desde fines de la Edad Media :
Descripción Física:
39 v. ; 25 cm
Materias:
Papes
MARC
| LEADER | 00000nam a2200000Ia 4500 | ||
|---|---|---|---|
| 001 | 17253 | ||
| 008 | 160829s1910 - 1961 xx 000 0 cat d | ||
| 080 | |a F-1-28 | ||
| 100 | |a Pastor, Ludwig Freiherr von |9 30291 | ||
| 245 | |a Historia de los papas : |b desde fines de la Edad Media : |b compuesta utilizandoe el Archivo Secreto Pontificio y otros muchos archivos/ por Ludovico Pastor | ||
| 260 | |a Barcelona : |b Gustavo Gili, |c 1910 - 1961 | ||
| 300 | |a 39 v. ; |c 25 cm | ||
| 650 | |a Papes |9 30292 | ||
| 866 | |a Tomo 26, v. 38 | ||
| 901 | |a Arxiu | ||
| 942 | |n 1 | ||
| 952 | |0 0 |1 0 |4 0 |6 F128 |7 1 |9 45368 |a Arxiu |b Arxiu |d 2016-12-01 |l 0 |o F-1-28 |p 17253 |r 2016-12-01 00:00:00 |w 2016-12-01 |y ARXIU | ||
| 999 | |c 48442 |d 48442 | ||